แสดงรายละเอียดบรรณานุกรม
  กลับหน้าหลัก

Brief Record : Get Marc (ISO 2709) : E-mail record : QR code ปิดหน้าต่าง
LEADER 00000nama 2200000uu 4500
008    040531s2540 th m m a000 0 tha d
041    tha
050    DS555.382 ท622ว
100    เทพรัตนราชสุดา สยามบรมราชกุมารี,สมเด็จพระ
245    ลาวเหนือเมื่อปลายหนาว / พระราชนิพนธ์ในสมเด็จพระเทพรัตนราชสุดา สยามบรมราชกุมารี 001
250    2
260    กรุงเทพฯ มูลนิธิสมเด็จพระเทพรัตนราชสุดา 2540
300    125 หน้า
650    ลาว(ภาคเหนือ) - ภูมิประเทศและการท่องเที่ยว
998    1999-10-20
รายการนี้ยังไม่มีแท็ก
คุณยังไม่ได้ล็อกอิน คุณสามารถมีกิจกรรมร่วมกับเว็บไซต์ได้ แต่ต้องล็อกอินก่อน ::
  ล็อกอิน
ลำดับที่ ประเภท เลขเรียก สถานที่ สถานะ
1. หนังสือทั่วไป
หนังสือทั่วไป
DS555.382 ท622ว 2540  
  
หนังสือทั่วไป On Shelf
  ขอยืม
2. หนังสือทั่วไป
หนังสือทั่วไป
DS555.382 ท622ว 2540  
  
หนังสือทั่วไป On Shelf
  ขอยืม
   [แสดง 2/2 รายการ]

รายการใกล้เคียง
    ผู้แต่ง [เทพรัตนราชสุดา สยามบรมราชกุมารี,สมเด็จพระ]

BibComment


ยังไม่เคยถูกคอมเมนท์

คอมเมนท์ทรัพยากรรายการนี้
  คอมเมนท์: ลาวเหนือเมื่อปลาย..
Bib 183102

 
 
 

 Union Library Management : ULibM
Copyright 2026. All Rights Reserved.
скачать бесплатно без регистрации порно красивый секс HD Sex Hindi sex

xxx gou

xxxx

bfxxx

xxxwww

Секса Видео

xxxx

Секса Видео

detube

geilexxx

C99 Shell

worms shell

blod xxx video
Ebony Coed Rihanna Rimes Takes A Dick In Her Young Twat priyaa indian fuck anal and pusssy hardcore indian women xxx desi hardcore fucking part 1 bengalixxxcouple